Culture Générale - Série 2691 - Statistiques

Statistiques générales
  • Ce quiz a été pris 103 fois
  • Le résultat moyen est 6 sur 10
Statistiques - réponses
Question Réponse % Correct
Contre quelle équipe, la France a-t-elle gagné la Coupe du Monde de football 1998 ? Brésil
95%
Contre quelle équipe, la France a-t-elle gagné la Coupe du Monde de football 2018 ? Croatie
82%
À qui doit-on la phrase "Je pense donc je suis" ? Descartes
77%
À quel pays est rattachée l'île de Pâques ? Chili
75%
Se dit d'un mot, d'un vers, d'une phrase que l'on peut lire indifféremment de gauche à droite ou de droite à gauche - exemple « Noël a trop par rapport à Léon » exemple "Rêver" palindrome
71%
En quelle année, la télévision française est-elle passée du noir et blanc à la couleur ? 1967
63%
Quel est le numéro de département du Territoire-de-Belfort ? 90
50%
Sous quel acronyme connait-on mieux l'acide Désoxyribonucléique ? ADN
44%
Quel pays a pour monnaie le shekel ? Israël
37%
Jeu télévisé français d'origine américaine, diffusé sur Antenne 2 puis sur France 2 du 25 juin 1990 au 31 août 2019 et présenté par Thierry Beccaro. motus
31%
Aucun quiz correspondant
Distribution des résultats
% des personnes avec chaque résultat
Percentile par nombre de réponses
Votre historique - résultats
Vous n’avez pas pris ce quiz